MARC

LEADER 00000nam0a2200000 4500
001 348996
005 20231102010148.0
035 |a (RuTPU)RU\TPU\retro\885 
090 |a 348996 
100 |a 20180402d1966 km y0rusy50 ca 
101 0 |a rus 
102 |a RU 
105 |a a z 001zy 
200 1 |a Металловедение и термическая обработка. 1965  |e [сборник статей]  |f Академия наук СССР (АН СССР), Институт научной информации ; под ред. Н. В. Агеева 
210 |a Москва  |c [Б. и.]  |d 1966 
215 |a 238 с.  |c ил. 
225 1 |a Итоги науки и техники 
225 1 |a Металлургия 
320 |a Библиография в конце статей 
606 1 |a Металловедение  |x Общие вопросы  |2 stltpush  |3 (RuTPU)RU\TPU\subj\42403  |9 62070 
606 1 |a Термическая обработка металлов  |2 stltpush  |3 (RuTPU)RU\TPU\subj\68426  |9 83756 
610 1 |a волокнистые материалы 
610 1 |a дисперсноупроченные материалы 
610 1 |a металлы 
610 1 |a сплавы 
610 1 |a стали 
610 1 |a прочность 
610 1 |a структура 
610 1 |a химическое машиностроение 
610 1 |a термомеханическая обработка 
610 1 |a сборники 
675 |a 621.785  |v 4 
702 1 |a Агеев  |b Н. В.  |4 340 
712 0 2 |a Академия наук СССР (АН СССР)  |b Институт научной информации  |c (Москва)  |c (1952-1955)  |2 stltpush  |3 (RuTPU)RU\TPU\col\5382 
801 1 |a RU  |b 63413507  |c 20180402 
801 2 |a RU  |b 63413507  |c 20180403  |g RCR 
942 |c BK